ARRUPE JESUIT UNIVERSITY

CORONAVIRUS -STOP THE SPREAD - CLEAN,DISINFECT,COVER

The Way of a pilgrim; (Record no. 121839)

MARC details
000 -LEADER
fixed length control field 00737cam a2200265I 4500
001 - CONTROL NUMBER
control field 4679298
003 - CONTROL NUMBER IDENTIFIER
control field ARRUPE
005 - DATE AND TIME OF LATEST TRANSACTION
control field 20150122161832.0
008 - FIXED-LENGTH DATA ELEMENTS--GENERAL INFORMATION
fixed length control field 750702s1960 enk 000 0 eng d
035 ## - SYSTEM CONTROL NUMBER
System control number (OCoLC)ocm01425527
035 ## - SYSTEM CONTROL NUMBER
System control number (NNC)4679298
040 ## - CATALOGING SOURCE
Original cataloging agency ORL
Transcribing agency ORL
050 ## - LIBRARY OF CONGRESS CALL NUMBER
Classification number BX597.Z9 O732
098 ## - OTHER CLASSIFICATION SCHEMES (OCLC)
Call number based on other classification scheme XT
300 ## - PHYSICAL DESCRIPTION
Dimensions 19cm.
100 ## - MAIN ENTRY--PERSONAL NAME
Personal name French, Reginald Michael (tr.)
9 (RLIN) 14447
245 04 - TITLE STATEMENT
Title The Way of a pilgrim;
Statement of responsibility, etc Michael Reginald French
250 ## - EDITION STATEMENT
Edition statement Revided edition
260 ## - PUBLICATION, DISTRIBUTION, ETC. (IMPRINT)
Place of publication, distribution, etc London,
Name of publisher, distributor, etc S.P.C.K.,
Date of publication, distribution, etc 1954
300 ## - PHYSICAL DESCRIPTION
Extent xv, 242 p.
650 #0 - SUBJECT ADDED ENTRY--TOPICAL TERM
Topical term or geographic name as entry element Jesus prayer
9 (RLIN) 5487
650 #0 - SUBJECT ADDED ENTRY--TOPICAL TERM
Topical term or geographic name as entry element Spiritual life
General subdivision Orthodox Eastern Church
9 (RLIN) 14448
740 40 - ADDED ENTRY--UNCONTROLLED RELATED/ANALYTICAL TITLE
Uncontrolled related/analytical title The pilgrim continues his way.
942 ## - ADDED ENTRY ELEMENTS (KOHA)
Source of classification or shelving scheme Library of Congress Classification
Koha item type Monograph ( Printed materials)
Holdings
Withdrawn status Lost status Source of classification or shelving scheme Damaged status Not for loan Collection code Home library Current library Shelving location Date acquired Total Checkouts Full call number Barcode Date last seen Price effective from Koha item type
    Library of Congress Classification     Main Collection ARRUPE LIBRARY ARRUPE LIBRARY Main Collection 21/01/2015   BX597.Z9 O732 46500003028 22/11/2017 21/01/2015 Monograph ( Printed materials)

 

Arrupe Library. PO Box MP320 Mt Pleasant, Harare, Zimbabwe
263 242 745411|librarian@aju.ac.zw